|
|
|
|
| LEADER |
00000nam0a2200000 4500 |
| 001 |
178675 |
| 005 |
20231101223424.0 |
| 010 |
|
|
|a 9785811409754
|
| 035 |
|
|
|a (RuTPU)RU\TPU\book\193685
|
| 090 |
|
|
|a 178675
|
| 100 |
|
|
|a 20100408d2009 m y0rusy50 ca
|
| 101 |
0 |
|
|a rus
|
| 102 |
|
|
|a RU
|
| 105 |
|
|
|a y j 001zy
|
| 200 |
1 |
|
|a Сборник задач по теории вероятностей
|e учебное пособие
|f А. М. Зубков, Б. А. Севастьянов, В. П. Чистяков
|
| 205 |
|
|
|a 3-е изд., стер.
|
| 210 |
|
|
|a СПб.
|c Лань
|d 2009
|
| 215 |
|
|
|a 320 с.
|
| 225 |
1 |
|
|a Учебники для вузов. Специальная литература
|
| 320 |
|
|
|a Библиогр.: с.319.
|
| 330 |
|
|
|a Задачи сборника охватывают все разделы теории, включаемые в начальный курс: простейшие вероятностные схемы; последовательности испытаний; случайные величины; предельные теоремы; производящие и характеристические функции; простейшие случайные процессы; элементы математической статистики. Кроме большого количества простых задач имеются задачи повышенной сложности, снабженные указаниями и решениями. В каждой главе приведены краткие сведения о необходимых понятиях и утверждениях теории, а также примеры решения задач. Учебное пособие предназначено для студентов математических и физических специальностей вузов.
|
| 606 |
1 |
|
|a Вероятностей теория
|2 stltpush
|3 (RuTPU)RU\TPU\subj\2254
|9 30841
|
| 610 |
1 |
|
|a учебные пособия
|
| 610 |
1 |
|
|a задачи
|
| 610 |
1 |
|
|a простейшие вероятностные схемы
|
| 610 |
1 |
|
|a случайные величины
|
| 610 |
1 |
|
|a предельные теоремы
|
| 610 |
1 |
|
|a производящие функции
|
| 610 |
1 |
|
|a характеристические функции
|
| 610 |
1 |
|
|a случайные процессы
|
| 610 |
1 |
|
|a математическая статистика
|
| 610 |
1 |
|
|a теория вероятностей
|
| 610 |
1 |
|
|a решения
|
| 610 |
1 |
|
|a ответы
|
| 675 |
|
|
|a 519.21(076)
|v 3
|
| 700 |
|
1 |
|a Зубков
|b А. М.
|g Андрей Михайлович
|
| 701 |
|
1 |
|a Севастьянов
|b Б. А.
|g Борис Александрович
|
| 701 |
|
1 |
|a Чистяков
|b В. П.
|g Владимир Павлович
|
| 801 |
|
1 |
|a RU
|b 63413507
|c 20100408
|
| 801 |
|
2 |
|a RU
|b 63413507
|c 20150507
|g RCR
|
| 942 |
|
|
|c BK
|
| 959 |
|
|
|a 23/20100408
|d 5
|e 320,10
|f АНЛ:1
|f ЧЗТЛ:1
|f УФ:3
|
| 959 |
|
|
|a 154/20121108
|d 10
|e 445,06
|f УФ:10
|